| 000 | 01084nam a2200313 a 4500 | ||
|---|---|---|---|
| 001 | 000024763 | ||
| 005 | 20260417092137.0 | ||
| 008 | 110203s1991 mx r 000 0 spa d | ||
| 020 | _a9686599045 | ||
| 040 |
_aDO-SdBNP _bspa _cBNPHU |
||
| 041 | 1 | 7 |
_aspa _heng _2Código de idioma MARC |
| 082 |
_a323.44 _bM645s |
||
| 100 | 1 |
_aMill, John Stuart, _d1806-1873 _945023 |
|
| 240 | 1 | 0 |
_aOn liberty. _lEspañol. |
| 245 | 1 | 0 |
_aSobre la libertad / _cJohn Stuart Mill ; cuidado de la edición María Elsa López Paniagua. |
| 260 |
_aMéxico, D. F. : _bEdiciones Gernika, _c1991. |
||
| 300 |
_a182, [1] p. ; _c19 cm. |
||
| 490 | 1 |
_aClásicos _v1 |
|
| 490 | 1 | _aCiencias políticas | |
| 534 |
_aTítulo original en inglés: _tOn liberty |
||
| 500 | _aIncluye notas al pie de las páginas | ||
| 504 | _aIncluye referencias bibliográficas | ||
| 650 | 0 |
_aLibertad _931851 |
|
| 650 | 4 |
_aCiencia política _xHistoria _9727 |
|
| 650 | 4 |
_aIndividualidad _950814 |
|
| 700 | 1 |
_aLópez Paniagua, María Elsa, _eed. _944716 |
|
| 830 | 0 |
_aClásicos ; _pciencias políticas _v1 _944717 |
|
| 049 | _aBNGR | ||
| 999 |
_c24256 _d24256 |
||